All Mexican Wars - Statistics

General Stats
  • This quiz has been taken 19 times
  • The average score is 12 of 40
Answer Stats
Years War % Correct
1846-1848 Mexican-American War
94%
1810-1821 Mexican War of Independence
81%
1942-1945 WW2
81%
1861-1867 2nd Franco-Mexican War
75%
2006-Present Drug War
75%
1838-1839 1st Franco-Mexican War / Pastry War
56%
1823 Texas Revolt
56%
1835-1836 Texas Revolution
56%
1847-1901 Caste War of Yucatan
50%
1842-1843 Invasion of Yucatan
50%
1910-1920 Mexican Revolution
50%
1810-1915 Apache-Mexico Wars
44%
1994 Zapatista Uprising
44%
1926-1929 Cristero War
38%
1958-1959 Mexico-Guatemala Conflict
38%
1810-1929 Yaqui Wars
31%
1821-1870 Comanche-Mexico Wars
25%
1821-1933 Mexican-Indian Wars
25%
1910-1919 Border War
19%
1964-1982 Dirty War
13%
1840 Rio Grande Revolt
13%
1822-1823 Salvadoran-Mexican War
13%
1820-1875 Texas-Indian Wars
13%
1835 Zacatecas Rebellion
13%
1903 2nd Totoposte War
6%
1906 3rd Totoposte War
6%
1906 Acayucan Rebellion
6%
1885 Barrios' War of Reunification
6%
1829-1831 Conservative Group
6%
1859-1861 Cortina Troubles
6%
1929 Escobar Rebellion
6%
1839-1840 Federalist Revolt
6%
1826-1827 Fredonian Rebellion
6%
1891-1893 Garza Revolution
6%
1819 Long Expedition
6%
1911 Magonista Rebellion
6%
1857-1861 Reform War
6%
1854-1855 Revolution of Ayutla
6%
1938 Saturnino Cedillo Rebellion
6%
1879-1881 Victorio's War
6%
No matching quizzes found
Score Distribution
Percent of People with Each Score
Percentile by Number Answered
Your Score History
You have not taken this quiz